|
|
|
|
| LEADER |
00000cam a2200000 7i4500 |
| 001 |
0000001161 |
| 002 |
000001281 |
| 005 |
20000330.0 |
| 020 |
|
|
|a 0200729071
|
| 090 |
0 |
0 |
|a JF
|b AND
|
| 245 |
1 |
4 |
|a The Snow Queen
|c Hans Christian Andersen ; illustrated by Bernadette Watts
|
| 260 |
|
|
|a Switzerland :
|b North-South Books ,
|c 1987
|
| 300 |
|
|
|a p.v. :
|b ill. ;
|c 33cm.
|
| 650 |
0 |
0 |
|a Children's stories
|
| 700 |
1 |
|
|a Watts, Bernadette ,
|e illustrated by
|
| 999 |
|
|
|a 032117
|b BUKU
|c PINJAMAN
|e PERPUSTAKAAN KOMUNITI PETALING JAYA
|
| 999 |
|
|
|a 032118
|b BUKU
|c PINJAMAN
|e PERPUSTAKAAN KOMUNITI PETALING JAYA
|
| 999 |
|
|
|a 032119
|b BUKU
|c PINJAMAN
|e PERPUSTAKAAN KOMUNITI PETALING JAYA
|